01264ngm a2200229 a 450000500170000000800410001708200190005824500640007725000180014130000410015949000460020050502130024652002610045965000460072065000670076665000330083326400450086633600270091133700330093833800280097104000350099920220317001533.0161108s2016 ck g 000 0 s 04a791.43615bD3200a10 legendarias películas de aventurashvideodisco digital a1a. edición a6 DVDbsonido, color, digitalc12 cm aCine club películas para coleccionistas aDVD 1. Robin Hood. La reina africana -- DVD. 2 King Kong. El ladrón de Bagdad -- DVD 3. La rosa negra -- DVD 4. Gunga Din -- DVD.5 Moby Dick. Perdidos en un harem -- DVD 6. Scaramouche. Tener y no tener a"Desde sus mismos inicios, en el cine las películas de aventuras tuvieron una popularidad excepcional, ya que en ellas está la base de todo drama, con un héroe, que a través de grandes vicisitudes acaba imponiéndose a las fuerzas del mal. No siem142LEMBaPeliculas de aventurasvVideodiscos142LEMBaPelículas CinematográficasvColeccionesxVideodiscos142LEMBaAventurasvVideodiscos aBogotábFonolibros de Colombiac[2016] atextobtxt2rdacontent asin mediaciónbn2rdamedia avolumenbnc2rdacarrier aCO-BoRNBPbspaerdacCO-BoRNBP